|
|
|
|
| LEADER |
02460nam a2200397 a 4500 |
| 001 |
0006815 |
| 003 |
BD-DhAAL |
| 005 |
20250915215903.0 |
| 008 |
100309r20081993njua b 001 0 eng d |
| 010 |
|
|
|a \\\92041469
|
| 020 |
|
|
|a 9788120310414
|
| 020 |
|
|
|a 8120310411
|
| 020 |
|
|
|a 0131756052
|
| 020 |
|
|
|a 9789332549524
|
| 040 |
|
|
|a DLC
|c DLC
|d DLC
|d BD-DhAAL
|
| 082 |
0 |
0 |
|a 004.6
|2 21
|
| 100 |
1 |
|
|a Black, Uyless D.
|9 2919
|
| 245 |
1 |
0 |
|a Computer networks :
|b protocols, standards, and interfaces /
|c Uyless Black.
|
| 250 |
|
|
|a Second edition.
|
| 260 |
|
|
|a Englewood Cliffs, N.J. :
|b PTR Prentice Hall ;
|a New Delhi :
|b Prentice Hall of India ;
|b Pearson India Education Services,
|c c1993 [reprinted 2008, impression 2015].
|
| 300 |
|
|
|a xii, 436 pages :
|b illustrations ;
|c 25 cm
|
| 504 |
|
|
|a Includes bibliographical references and index.
|
| 526 |
|
|
|a CSE
|
| 541 |
1 |
|
|a Hye Trade International
|e 6815, 6816, 19966, 34680
|
| 650 |
|
0 |
|a Computer networks.
|9 2920
|
| 650 |
|
0 |
|a Computer science.
|
| 852 |
4 |
|
|a Ayesha Abed Library
|j General Shelf
|
| 942 |
|
|
|2 ddc
|c BK
|
| 999 |
|
|
|c 7747
|d 7747
|
| 952 |
|
|
|0 0
|1 0
|2 ddc
|4 0
|6 004_600000000000000_BLA
|7 0
|9 8539
|a SCL
|b SCL
|c GEN
|d 2010-03-10
|l 0
|o 004.6 BLA
|p 3010019966
|r 2010-03-10
|t 6
|w 2010-03-10
|y BK
|x Transferred from BRACUL to SCL on 08/08/22
|
| 952 |
|
|
|0 0
|1 0
|2 ddc
|4 0
|6 004_600000000000000_BLA
|7 0
|9 8540
|a SCL
|b SCL
|c GEN
|d 2010-03-10
|l 2
|m 26
|o 004.6 BLA
|p 3010019965
|r 2019-07-22
|s 2019-07-01
|t 5
|w 2010-03-10
|y BK
|x Transferred from BRACUL to SCL on 08/08/22
|
| 952 |
|
|
|0 0
|1 0
|2 ddc
|4 0
|6 004_600000000000000_BLA
|7 0
|9 13651
|a BRACUL
|b BRACUL
|c GEN
|d 2010-12-18
|l 3
|m 13
|o 004.6 BLA
|p 3010015447
|r 2024-09-02
|s 2024-06-03
|t 3
|w 2010-12-18
|y BK
|
| 952 |
|
|
|0 0
|1 0
|2 ddc
|4 0
|6 004_600000000000000_BLA
|7 0
|9 13652
|a SCL
|b SCL
|c GEN
|d 2010-12-18
|l 2
|m 1
|o 004.6 BLA
|p 3010015448
|r 2025-02-17
|s 2025-02-08
|t 4
|w 2010-12-18
|y BK
|x Transferred from BRACUL to SCL on 08/08/22
|
| 952 |
|
|
|0 0
|1 0
|2 ddc
|4 0
|6 004_600000000000000_BLA
|7 0
|9 13653
|a BRACUL
|b BRACUL
|c GEN
|d 2010-12-18
|l 5
|m 34
|o 004.6 BLA
|p 3010006815
|r 2026-03-05
|s 2025-10-14
|t 1
|w 2010-12-18
|y BK
|
| 952 |
|
|
|0 0
|1 0
|2 ddc
|4 0
|6 004_600000000000000_BLA
|7 0
|9 23319
|a SCL
|b SCL
|c GEN
|d 2013-09-03
|l 0
|o 004.6 BLA
|p 3010006816
|r 2013-09-03
|t 2
|w 2013-09-03
|y BK
|x Transferred from BRACUL to SCL on 08/08/22
|
| 952 |
|
|
|0 0
|1 0
|2 ddc
|4 0
|6 004_600000000000000_BLA
|7 0
|9 65480
|a BRACUL
|b BRACUL
|c GEN
|d 2019-05-09
|e Hye Trade International
|g 524.00
|l 5
|m 50
|o 004.6 BLA
|p 3010034680
|r 2024-07-07
|s 2024-01-20
|t 7
|v 524.00
|w 2019-05-09
|y BK
|x Indian subcontinent reprinted
|